00501nam a2200145Ia 4500008004100000041000800041082001500049100002000064245004500084260003900129300003200168365000900200999001700209952012900226240624s9999 xx 000 0 und d aeng a001.42 TED aTEDDLIE CHARLES aFOUNDATIONS OF MIXED METHODS RESEARCH IN c2009aNew DelhibSage Publications aviii, : 387 : p. : cm. ; 25 cb30 c12935d12935 00104070aIMTNbIMTNcRack 1-Ad2009-03-30eIBHg39.95n2617o001.42 TEDp12935r2024-06-24 00:00:00t51.9w2024-06-24yBK